| 000 | 00417cam a2200169ua 4500 | ||
|---|---|---|---|
| 001 | 5236 | ||
| 008 | 120306n enk |||gr||||Z||||||eng | ||
| 040 | _cMAIN | ||
| 082 | _a821 | ||
| 100 |
_aCairncross, A. S., _eEditor, |
||
| 245 | 1 | 1 |
_aPoems old and new an anthology _cby A. S. Cairncross |
| 250 | _a1st. | ||
| 260 |
_aLondon: _bMacmillan, _c1966. |
||
| 300 |
_a233p: _c15cm. |
||
| 653 | _aEnglish poetry | ||
| 942 | _cBK | ||
| 999 |
_c4418 _d4418 |
||